Engaging civil society : (Record no. 54418)

MARC details
000 -LEADER
campo de control de longitud fija 01189cam a2200313 a 4500
001 - NÚMERO DE CONTROL
campo de control 110541
005 - FECHA Y HORA DE LA ÚLTIMA TRANSACCIÓN
campo de control 20230410120922.0
008 - DATOS DE LONGITUD FIJA--INFORMACIÓN GENERAL
campo de control de longitud fija 100308s2010 ja b i001 0 eng
035 ## - NÚMERO DE CONTROL DEL SISTEMA
Número de control de sistema 16123897
010 ## - NÚMERO DE CONTROL DE LA BIBLIOTECA DEL CONGRESO
Número de control de LC 2010009493
020 ## - NÚMERO INTERNACIONAL ESTÁNDAR DEL LIBRO
Número Internacional Estándar del Libro 9789280811889 (pbk.)
020 ## - NÚMERO INTERNACIONAL ESTÁNDAR DEL LIBRO
Número Internacional Estándar del Libro 9280811886 (pbk.)
035 ## - NÚMERO DE CONTROL DEL SISTEMA
Número de control de sistema (OCoLC)ocn550554028
040 ## - FUENTE DE CATALOGACIÓN
Centro catalogador/agencia de origen DLC
Centro/agencia transcriptor DLC
Centro/agencia modificador YDX
-- YDXCP
-- BWX
-- CDX
-- DLC
050 14 - SIGNATURA TOPOGRÁFICA DE LA BIBLIOTECA DEL CONGRESO
Número de clasificación JC 337
Número de ítem E57 2010
082 00 - NÚMERO DE LA CLASIFICACIÓN DECIMAL DEWEY
Número de clasificación 320.01
245 00 - MENCIÓN DEL TÍTULO
Título Engaging civil society :
Resto del título emerging trends in democratic governance /
Mención de responsabilidad, etc. edited by G. Shabbir Cheema and Vesselin Popovski.
260 ## - PUBLICACIÓN, DISTRIBUCIÓN, ETC.
Lugar de publicación, distribución, etc. Tokyo:
-- New York :
Nombre del editor, distribuidor, etc. United Nations University Press,
Fecha de publicación, distribución, etc. 2010.
300 ## - DESCRIPCIÓN FÍSICA
Extensión xviii, 304 p. ;
Dimensiones 24 cm.
440 #0 - MENCIÓN DE SERIE/PUNTO DE ACCESO ADICIONAL--TÍTULO
Título Trends and innovations in governance series
504 ## - NOTA DE BIBLIOGRAFÍA, ETC.
Nota de bibliografía, etc. Includes bibliographical references, notes (278-279) and index.
505 0# - NOTA DE CONTENIDO CON FORMATO
Nota de contenido con formato Part. I : Civil society and global governance ---Part.II: Legal empowerment, norms and capacity of civil society --- Part.III: Experiences in Asia --- Part. IV: Experience in Africa.
650 #0 - PUNTO DE ACCESO ADICIONAL DE MATERIA--TÉRMINO DE MATERIA
Término de materia o nombre geográfico como elemento de entrada Civil society.
650 #0 - PUNTO DE ACCESO ADICIONAL DE MATERIA--TÉRMINO DE MATERIA
Término de materia o nombre geográfico como elemento de entrada Democracy.
700 1# - ENTRADA AGREGADA--NOMBRE PERSONAL
Nombre de persona Cheema, G. Shabbir.
700 1# - ENTRADA AGREGADA--NOMBRE PERSONAL
Nombre de persona Popovski, Vesselin.
942 ## - ELEMENTOS DE ENTRADA SECUNDARIOS (KOHA)
Fuente del sistema de clasificación o colocación Clasificación de Library of Congress
Tipo de ítem Koha
946 ## - PROCESAMIENTO DE INFORMACIÓN LOCAL (OCLC)
a gs
Holdings
Estatus retirado Estado de pérdida Fuente del sistema de clasificación o colocación Estado de daño No para préstamo Colección Biblioteca de origen Biblioteca actual Ubicación en estantería Fecha de adquisición Serial enumeration / chronology Signatura topográfica completa Código de barras Visto por última vez Copia número Tipo de ítem Koha
    Clasificación de Library of Congress     Ciencias Sociales Biblioteca Juan Bosch Biblioteca Juan Bosch Ciencias Sociales (3er. Piso) 10/04/2023 1 JC 337 E57 2010 00000104367 24/10/2018 1